| 000 | 00563nam a2200193Ia 4500 | ||
|---|---|---|---|
| 001 | 22782 | ||
| 003 | GE_BSU | ||
| 008 | 181216s||||||||xx |||||||||||||| ||und|| | ||
| 040 | _cGE_BSU | ||
| 245 | _aЖурнал росийского права. №4(256). 2018 | ||
| 245 | _cГл. ред. Хабриева Т. Я. | ||
| 260 | _aМосква | ||
| 260 | _c2018 | ||
| 300 | _a172 стр. 26см. | ||
| 653 | _aЖурнал росийского права. №4(256). 2018 | ||
| 653 | _aПериодика | ||
| 653 | _aპერიოდიკა | ||
| 942 | _cCR | ||
| 999 |
_c55687 _d55687 |
||